000 01132nam a2200313Ia 4500
005 20210727153205.0
008 141031s9999 ck 000 0 spa d
020 _a9789583019777
100 1 _aBohorquez Espinosa, Carolina
245 1 0 _aHilando historias
_cCarolina Bohórquez Espinosa ; ilustraciones Luz Stella Rodríguez
250 _a1a edición
_b1a reimpresión
300 _a67 páginas
_bilustraciones en color
_c17 cm.
500 _aIncluye datos biográficos de la autora
650 1 4 _2LEMB
_aLiteratura infantil colombiana
_ySiglo XX
650 1 4 _2LEMB
_aPoesía infantil colombiana
650 1 4 _2LEMB
_aAnimales en la literatura
650 1 4 _2LEMB
_aInsectos en la literatura
650 1 4 _2LEMB
_aPeces en la literatura
650 1 4 _2LEMB
_aLibros ilustrados para niños
700 1 _aRodríguez, Luz Stella
_eilustrador
700 1 _aMahecha López, Javier R.
_eeditor
942 _2loc
_cBKINF
264 _aBogotá
_bPanamericana
_c2013
336 _atexto
_btxt
_2rdacontent
337 _asin mediación
_bn
_2rdamedia
338 _avolumen
_bnc
_2rdacarrier
040 _aCO-BoRNBP
_bspa
_erda
_cCO-BoRNBP
084 _aP BOH1
999 _c3941
_d3941